Faktory udržateľnosti rodinných podnikov
Aspekty a kritériá udržateľnosti rodinných podnikov na základe vypracovania rešerše domácej a zahraničnej literatúry. Sekundárne dáta, stav rodinných podnikov vo vybraných aspektoch na Slovensku a v zahraničí.
Uložené v:
| Hlavný autor: | |
|---|---|
| Médium: | Kapitola |
| Jazyk: | Slovak |
| Predmet: | |
| Tagy: |
Žiadne tagy, Buďte prvý, kto otaguje tento záznam!
|
MARC
| LEADER | 00000naa$a2200000$$$4500 | ||
|---|---|---|---|
| 001 | 0281163 | ||
| 005 | 20240502074353.4 | ||
| 041 | 0 | |a slo | |
| 044 | |a SK | ||
| 245 | 1 | 0 | |a Faktory udržateľnosti rodinných podnikov |c Mária Trúchliková |
| 520 | |a Aspekty a kritériá udržateľnosti rodinných podnikov na základe vypracovania rešerše domácej a zahraničnej literatúry. Sekundárne dáta, stav rodinných podnikov vo vybraných aspektoch na Slovensku a v zahraničí. | ||
| 610 | 2 | 0 | |a podnik rodinný |
| 610 | 2 | 0 | |a rozvoj trvalo udržateľný |
| 610 | 2 | 0 | |a podnikanie |
| 610 | 2 | 0 | |a generácie |
| 100 | 1 | |a Trúchliková, Mária, 1991- | |